000
00297nam a22001337a 4500
008
170307b xxu||||| |||| 00| 0 eng d
020
_a
9780805354638
041
_a
eng
080
_2
6 ED
_a
SHM
100
_a
6
101
_a
SHM
245
_a
HUMAN ANATOMY PHYSIOLOGY
_c
MARICH.E.N
942
_2
udc
_c
BK
999
_c
7026
_d
7026